| 000 | 01167aam a2200385 i 4500 | ||
|---|---|---|---|
| 001 | vtls000837083 | ||
| 003 | PNM | ||
| 005 | 20221220144824.0 | ||
| 008 | 170915s2017 my g 000 f may | ||
| 015 | _aM17-10743 | ||
| 020 |
_a9789673653072 _qpaperback _cRM00.00 |
||
| 039 | 9 |
_a202011130930 _bmasliza _c201809051034 _dazeantie _c201808081027 _dfaezah _c201712071036 _dazura_a |
|
| 040 |
_aBNM _beng _cBNM _dPNM _dPPAK _erda |
||
| 049 | _aklpmal | ||
| 082 | 0 | 4 |
_a899.2333 _223 |
| 090 | 0 | 0 |
_a899.2333 _bEYL _dG |
| 100 | 0 |
_aEyla Hime, _eauthor. |
|
| 245 | 1 | 0 |
_aSETELAH AKU PILIH DIA / _cEyla Hime |
| 264 | 1 |
_aKuala Lumpur : _bPenebitan Fajar Pakeer, _c2017 |
|
| 300 |
_a595 pages ; _c19 cm |
||
| 336 |
_atext _2rdacontent |
||
| 337 |
_aunmediated _2rdamedia |
||
| 338 |
_avolume _2rdacarrier |
||
| 650 | 1 | 0 | _aMalaysian fiction (Malay) |
| 650 | 2 | 0 | _aMalay fiction |
| 942 |
_2ddc _cB |
||
| 949 |
_62000614309 _a899.2333 EYL M |
||
| 949 |
_62000614308 _a899.2333 EYL M |
||
| 949 |
_62000614307 _a899.2333 EYL M |
||
| 949 | _61001369689 | ||
| 949 | _61001369690 | ||
| 949 |
_61001369691 _s6700:20210327 |
||
| 949 | _61001369692 | ||
| 949 |
_61001402843 _e2443219 |
||
| 999 |
_c189513 _d189513 |
||